[Event "Sarajevo Bosnia 34th"]
[Site "Sarajevo"]
[Date "2004.05.25"]
[Round "7"]
[White "Bologan, Viktor"]
[Black "Atalik, Suat"]
[Result "1-0"]
[WhiteElo "2665"]
[BlackElo "2558"]
[Annotator "Atalik,S"]
[PlyCount "103"]
[EventDate "2004.05.18"]
[EventType "tourn"]
[EventRounds "9"]
[EventCountry "BIH"]
[EventCategory "15"]
[SourceTitle "CBM 101"]
[Source "ChessBase"]
[SourceDate "2004.07.27"]
[SourceVersion "1"]
[SourceVersionDate "2004.07.27"]
[SourceQuality "1"]

1. e4 e5 2. Nf3 Nc6 3. Bb5 a6 4. Ba4 Nf6 5. O-O Be7 6. Re1 b5 7. Bb3 d6 8. c3
O-O 9. h3 Nb8 {According to many masters of Spanish Breyer is one of the best
defences. Usually c pawns should be moved or exchanged to have a free game no
matter what the color is.} 10. d4 Nbd7 11. Nbd2 Bb7 12. Bc2 c5 $5 {This was
championed by one of the best ever lived Yugoslavs GM Svetozar Gligoric.} 13.
d5 (13. Nf1 Re8 14. Ng3 Bf8 (14... g6 15. Bh6 cxd4 16. cxd4 exd4 17. Nxd4 (17.
Qxd4 Qb6 18. Qd2 Ne5 19. Be3 Qc7 $132) 17... d5 (17... Rc8 18. Qd2 Ne5) 18.
exd5 (18. e5 $6 Bb4 19. f4 Bxe1 20. Qxe1 Ne4 $1 $17 {since e4 pawn is taboo
due to tactics the sacrifice is not correct this time.}) 18... Bxd5 $14) (14...
cxd4 15. cxd4 exd4 16. Nxd4 d5 {is Ivan's big time discovery.} 17. e5 $5 Bb4
18. f4 (18. Bf4 $2 Bxe1 19. Qxe1 Nxe5 20. Bxe5 Nd7 21. f4 f6 $17) 18... Bxe1
19. Qxe1 Nc5 (19... Ne4 $2 20. Nxe4 dxe4 21. Nf5 Re6 22. Bb3 Rc6 23. Be3 Nc5
24. Bxc5 Rxc5 25. Qg3 g6 26. Nh6+ Kg7 27. Nxf7 Qd4+ 28. Kh2 Bd5 29. Qh4 $1 $18)
20. Be3 (20. Ndf5 $2 d4 (20... Bc8 $2 21. Nxg7 Kxg7 22. exf6+ Kh8 23. Qd1 d4
24. Bxh7 Qxf6 25. Qh5 Kg7 26. Bc2 $18) 21. b4 Qd5 22. Qd2 Nce4 23. Nxe4 Nxe4
24. Bxe4 Qxe4 25. Nd6 Qd5 26. Nxe8 Rxe8 27. Bb2 d3 $17) 20... Nfe4 21. Nxe4
dxe4 22. Nf5 Nd3 23. Qg3 g6 24. Nd6 Re7 25. Rd1 Qc7 26. Bxd3 exd3 27. Rxd3 Qc2
28. Bd4 $44) 15. d5 g6 16. a4 Nb6 {Gilgoric likes this one.} (16... c4 {
transposes to the main line.}) 17. Qe2 Nxa4 18. Bxa4 bxa4 19. Rxa4 Nd7 (19...
a5 20. b3 Bc8 21. Bd2 Bd7 22. Ra3 a4 23. Rea1 axb3 24. Rxa8 b2 25. R8a2 bxa1=Q+
26. Rxa1 $14) 20. Be3 Nb6 21. Ra3 a5 22. b3 Bc8 23. Rea1 Bd7 24. c4 a4 $11)
13... g6 14. Nf1 Nh5 15. Bh6 Re8 16. a4 Nb6 $5 {Since c4 gives d4 square I
like this move by Gliga very much.} (16... c4 {I am in general against this
move.} 17. Ng3 Ng7 (17... Nxg3 18. fxg3 b4 $1 19. cxb4 Qb6+ 20. Be3 Qxb4 21.
Nd2 Rac8 $13) 18. Qd2 Nc5 19. Nh2 Rb8 20. axb5 axb5 21. Ng4 $1 (21. Be3 h5 22.
f4 exf4 23. Bxf4 h4 24. Ne2 Bf6 25. Nd4 Nh5 26. Ng4 Nxf4 27. Qxf4 Be5 28. Qf3
Bg7 29. Rf1 Qe7 30. Ra7 Ra8 31. Nc6 Qc7) 21... Bc8 $13) 17. a5 $6 {Viktor
Viorel played this rather quickly.} (17. axb5 axb5 18. Rxa8 Qxa8 {does not
bring to the first player much.}) (17. Ng3 Nxg3 18. fxg3 Nxa4 19. Bxa4 bxa4 20.
g4 Bc8 21. Qxa4 Bd7 22. Qc2 a5 23. Rf1 a4 24. Qf2 f6 25. Nd2 Bb5 $1 26. c4 Bd7
$13) 17... Nc4 18. b3 $2 {I can not see the point. My opponent later mentioned
that he had played something similar with GM Romanishin and even has won with
it.} Nxa5 19. Ra2 Qc7 {I can defend the knight.} 20. Qa1 Bd8 21. N1d2 Bc8 $6 {
I did not want to give my extra pawn at once however in this case I would have
an overwhelming position.} (21... Nf4 22. Bg5 f6 23. Bxf6 Bxf6 24. Rxa5 Rf8 $17
) 22. Rc1 Nf4 23. Bxf4 exf4 24. b4 cxb4 25. cxb4 Nc4 26. Bd3 Qb8 27. Bxc4 $2 {
Another sacrifice another blunder!} (27. Nxc4 bxc4 28. Rxc4 Bd7 29. Nd4 Bf6 30.
Rxa6 f3 $5 31. Rxa8 Qxa8 32. Qxa8 Rxa8 33. Nc6 (33. Nxf3 Bb5) 33... fxg2 34.
Kxg2 Ra3 $44) 27... bxc4 28. Nxc4 Rxe4 29. Na5 $6 {White has some vague ideas
to take some squares.} (29. b5 $142 $1 {After this black has a tough task to
defend.} Bb7 (29... a5 30. b6) 30. bxa6 Bxd5 31. a7 (31. Rb2 Qa7 32. Nxd6 Re6
$17) 31... Qb4 32. Rb2 Qc5 33. Rb8 Re7 $17 {But most likely pawn a7 is not
that strong.}) 29... Bxa5 {I have just wanted to get rid of the knight the
move has more psychological aspects than technical ones.} (29... Qxb4 30. Nc6
Qb6 31. Rac2 $44) 30. bxa5 Qb5 31. Rd2 Bb7 32. h4 $4 {A hoorible blunder.} (32.
Rcd1 Qd7 $17) 32... Bxd5 33. h5 ({Probably he overlooked that after} 33. Rb1
Ra4 $1 34. Rxd5 Qc6 $1 $19 {his queen can not protect Rd5.}) 33... Ra4 34. Qf6
Bxf3 $19 35. Rdc2 $1 {This came kind of like a surprise. It is clear that I
was in a very bad form in Sarajevo, however what would I accomplish even in a
good form is another story.} Re8 $1 {After burning some substantial time like
4 minutes out of my remaining 5 I have decided for the best.} ({Everyone has
criticized me for not to play} 35... Qf5 36. Qxf5 gxf5 37. gxf3 (37. Rc8+ Rxc8
38. Rxc8+ Kg7 39. gxf3 Rxa5 40. Rc6 Kh6 41. Rxd6+ Kxh5 $19) 37... Rxa5 38. Kh2
Kg7 $19 {however the move I have chosen is much better than this unorthodox
position with quadruple pawns on the f file.}) (35... Bxh5 $4 {Even this is a
draw.} 36. Rc8+ Qe8 37. Rxe8+ Rxe8 38. Rc7 Rf8 39. Qxd6 Rxa5 40. Qxf4 g5 41.
Qd2 Rb5 42. Ra7 Bg6 $11) ({But this one loses.} 35... Bg4 $4 36. h6 Qe5 37.
Rc8+ Rxc8 38. Rxc8+ Bxc8 39. Qd8+) 36. h6 Qe5 37. Rc8 Bc6 38. Qxe5 dxe5 39.
R1xc6 Kf8 $4 {OK I had 1 minute to reach the time control, but still this is
another flash of stupidity! The awful truth is that this was not my original
idea. When I have looked for some time more to the position I have seen no
difference between Rf8 and the text and I have decided for the latter because
king to the center is more coherent with the chess principles.} (39... Rf8 $1
40. Rxf8+ Kxf8 41. Rxa6 Ra1+ 42. Kh2 e4 43. Ra8+ Ke7 $19 {After this best he
can achieve should be R+g2 against R+f7,g6,h7.}) 40. R8c7 $1 $11 {So this is
the difference.} Ra1+ 41. Kh2 Re6 $4 {After we have passed over the time
control I have thought maybe another 10 minutes and decided to continue the
game with this blunder.} (41... Rxa5 42. Rf6 Re7 43. Rc8+ Re8 $11 {is an
unfortunate draw!}) 42. Rb6 $1 $18 {Incredible turn of events. After this all
I can do is just to resign and crush some furniture in my hotel room like
Rubinstein' used to do. Well I have eventually done the first but not the
second!} (42. Rxe6 $2 fxe6 43. Rxh7 e4 44. Rh8+ Kf7 45. h7 Kg7 46. Rf8 Kxh7 47.
Rxf4 Rxa5 48. Rxe4 e5 $17 {would still retain some winning chances for black.})
42... e4 43. Rb8+ Re8 44. Rbb7 Re5 $8 45. Rxf7+ Ke8 46. g4 $1 {Well he of
course does not go wrong!} (46. Rxf4 $2 Rh5+ (46... Re7 47. Rxe7+ Kxe7 48.
Rxe4+ Kf6 49. Re8 Rxa5 50. Rh8 Rh5+ 51. Kg3 Rxh6 52. Ra8 $11) 47. Kg3 Rg5+ 48.
Kh4 Rxg2 49. Rxe4+ Kd8 50. Kh3 Rg5 51. Rg4 Rh5+ 52. Kg2 Rxh6 53. Rf4 Ke8 54.
Rff7 $11) 46... fxg3+ 47. Kxg3 Rg5+ 48. Kf4 Rf5+ 49. Rxf5 gxf5 50. Rxh7 {
Now besides everything I have my king on the 8th.} Rf1 (50... Rh1 51. Kxf5 Kf8
52. Kxe4 Rh5 53. Rh8+ Kf7 54. h7 Kg7 55. Ra8 Kxh7 56. Rxa6 $18) 51. Rb7 Rxf2+ {
Nothing matters.} (51... Rh1 52. h7 Kf8 53. Kxf5 $18) 52. Kg3 {This loss realy
made me frustrated for many different reasons!} 1-0

[Event "Maalot Tarshiha"]
[Site "Maalot Tarshiha"]
[Date "2008.01.13"]
[Round "7"]
[White "Smirin, Ilia"]
[Black "Avrukh, Boris"]
[Result "1-0"]
[WhiteElo "2616"]
[BlackElo "2638"]
[Annotator "Avrukh,B"]
[PlyCount "91"]
[EventDate "2008.01.07"]
[EventType "tourn"]
[EventRounds "9"]
[EventCountry "ISR"]
[EventCategory "15"]
[SourceTitle "CBM 122"]
[Source "ChessBase"]
[SourceDate "2008.01.30"]
[SourceVersion "1"]
[SourceVersionDate "2008.01.30"]
[SourceQuality "1"]

{This was a very important game for both players. We both (together with
Postny) were leading the tournament and I had no doubts, that Ilya would press
hard to score in this game, after losing in the previous round to Gyimesi. For
me it was important to hold in this game, since I had a feeling, that I had
almost recovered after my poor start to the tournament.} 1. e4 e5 2. Nf3 Nc6 3.
Bb5 a6 4. Ba4 Nf6 5. O-O Be7 6. Re1 b5 7. Bb3 d6 8. c3 O-O 9. h3 Nb8 {I think
that it was obvious for both of us, that this variation would appear in the
game. The only question for me was which setup Ilya would choose.} 10. d4 Nbd7
11. Nbd2 Bb7 12. Bc2 Re8 13. a4 ({Nowadays} 13. Nf1 {is White's most popular
move in this line.}) 13... Bf8 14. Bd3 b4 $5 {A relatively rare continuation,
which in my opinion, might be quite an interesting alternative to the almost
obligatory 14...c6, where Black gets a very solid, but slightly passive
position. And, if it works, why should Black block his own bishop?} 15. Qc2 ({
Nobody has tried to take on b4 and it seems to me Black is perfectly fine
after:} 15. cxb4 exd4 16. Nxd4 d5 {[%csl Ge4][%cal Gf8b4]} ({maybe even
stronger is} 16... Ne5 $5 17. Bf1 d5)) 15... g6 $5 $146 {Quite a logical
novelty, which had been prepared at home. Black's main idea still remains to
break in the centre with the d5-move; now after 15...g6 Black can recapture on
d5 with his N, since the h7-pawn is not under attack.} ({Strangely enough the
last game in which this position had occurred was a game by Smirin, in which
he defended Black's side! During my homework I felt that White could improve
on his play:} 15... d5 16. exd5 exd4 17. Rxe8 Qxe8 18. cxd4 Bxd5 19. b3 c5 20.
Bb2 cxd4 21. Re1 Qb8 22. Bxd4 Qb7 $14 {1/2-1/2 Kasimdzhanov,R-Smirin,I/22nd
ECU Club Cup 2006/CT-2166 (29)}) 16. dxe5 {Obviously White has a wide choice
here: he could have played 16 Nb3, 16 a5 or 16 d5, but Ilya decided to remove
the tension in the centre.} bxc3 $1 {I believe this is the right choice, my
idea is to recapture with a piece on e5, but White has another option.} ({
White is slightly better after both} 16... Nxe5 17. Nxe5 dxe5 (17... Rxe5 $2
18. Nf3 Re8 19. cxb4 $16) 18. Nc4 (18. Nb3 c5 19. Bc4 $5 $14)) ({or} 16... dxe5
17. Bc4 $1 {[%cal Gf3g5]} bxc3 18. Qxc3 $14) 17. exf6 ({The alternative would
have been} 17. bxc3 {, but Black has a perfectly playable position after} Nxe5
18. Nxe5 Rxe5 19. Rb1 Rb8 (19... Bc6 20. Nf3 (20. Nc4 Rxe4) 20... Re8 (20...
Ra5 $5 {[%csl Ga4]}) 21. Nd4 Qd7 $11) 20. Nf3 Re8 $11) 17... cxd2 18. Bxd2 Nxf6
19. Ng5 $1 {[%csl Gb7,Gf7][%cal Gc2b3,Gd3c4] As always Ilya is very creative,
he finds a very unexpected attacking resource, which demands accurate defence
from Black.} ({Black has no problems after} 19. Bg5 Bg7) ({or} 19. b4 Bg7 20.
Rac1 Rc8) 19... Qd7 (19... h6 $140 $2 20. Nxf7 Kxf7 21. Qb3+ $16 {[%cal Gb3b7]}
) ({The computer likes} 19... Re7 $5 {but the text looks more logical.}) 20.
Bc3 Bg7 21. Bc4 d5 22. exd5 ({During the game I was mostly concerned about} 22.
Rad1 {and indeed Black should be very accurate, not to get into trouble:} Rad8
$1 {Black's best defence.} (22... h6 $6 23. Nf3 Qc6 (23... Nxe4 $2 24. Bxg7
Kxg7 25. Rxe4 Rxe4 26. Qxe4 dxe4 27. Rxd7 exf3 28. Rxc7 $18) 24. Bxf6 Qxc4 25.
Qxc4 dxc4 26. Bxg7 Kxg7 27. Rd4 $16) (22... c6 23. Bd3 $14 {[%csl Gb7]}) 23.
exd5 (23. Bb3 c5 (23... h6 24. e5 Nh7 25. e6 fxe6 26. Bxg7 Kxg7 27. Nf3 $44))
23... Rxe1+ 24. Rxe1 Nxd5 25. Bxg7 Kxg7 26. Qb3 Bc6 $1 (26... Qc6 27. Qf3 Rd7
28. Bxd5 Qxd5 29. Qc3+ Kh6 30. Nf3 $14) 27. a5 {[%csl Ga6]} Qf5 {Black
equalises.}) ({By the way} 22. Red1 $6 {is dubious in view of} h6 23. e5 Qc6
24. exf6 dxc4 {[%csl Gg2]}) 22... Bxd5 ({Certainly I could have first played} 
22... Rxe1+ 23. Rxe1 {and now} Bxd5 {, but White is slightly better after} 24.
Rd1 c6 25. Nf3 Qb7 $14 {, although Black is pretty solid.}) 23. Rxe8+ Rxe8 ({
Black remains a pawn down after} 23... Nxe8 $6 24. Rd1 c6 25. Bxg7 Nxg7 26. Qd3
$1 {[%csl Ga6]} Rb8 27. Bxd5 Qxd5 28. Qxd5 cxd5 29. Rxd5 h6 30. Ne4 Ne6 31. Ra5
$16) 24. Rd1 c6 $2 {A serious mistake.} ({I should have played} 24... Qc6 $1 {
, which of course I saw during the game, but incorrectly evaluated the
resulting position after} 25. Bxd5 (25. Bb3 h6 (25... Qb7 $5) 26. Bxf6 Qxc2 27.
Bxc2 Bxf6 28. Rxd5 hxg5 $11 {is not dangerous.}) 25... Nxd5 26. Qb3 Bxc3 (26...
Rd8 {looks a bit risky, but may be possible as well.}) 27. bxc3 (27. Rxd5 $2
Bf6 $1 $17) 27... Re5 28. Nf3 (28. f4 $2 Rf5 29. g4 Nxf4 $19 {[%cal Gc6g2]}) (
28. f4 $2 Rf5 {now f7 is protected} 29. g4 $140 Nxf4 $19 {[%cal Gc6g2]}) 28...
Rh5 $8 {I evaluated this position as quite dangerous for me due to the
misplaced rook on h5. In fact White can do nothing and Black's rook will come
into play very soon via the 5th rank.} 29. c4 Nf6 $11) 25. Bxa6 $16 Qa7 {
White has won a pawn, but Black still has some counterplay.} 26. Bf1 $1 {
The best square for the light-squared bishop.} (26. Bd3 Qb8 {[%cal Gd5b3]} ({
Black can even try} 26... h6 27. Nf3 Bxf3 28. gxf3 Nd5 $5 29. Bxg7 Kxg7 30.
Qxc6 Re5 {true, it looks risky, but Black has some compensation.}) 27. b4 h6
28. Nf3 Bxf3 29. gxf3 Qf4 $44) 26... h6 (26... Qb8 {[%cal Gd5b3]} 27. b4 Qf4
28. Qc1 $1 $16) 27. Nf3 Bxf3 (27... Be4 28. Bd3 Bxf3 29. gxf3 Nd5 30. Bxg7 Kxg7
31. Qxc6 Re5) 28. gxf3 Qc5 $1 (28... Nd5 29. Bxg7 Kxg7 30. Qxc6 $18) 29. b4 $2
(29. Qd2 $1 Nd5 30. Bxg7 Kxg7 31. a5 $16 (31. Qd4+ Qxd4 32. Rxd4 Re1 33. a5 Ra1
34. a6 g5)) 29... Qg5+ 30. Kh1 Qf4 31. a5 Nd5 ({Black's main problem is that
he is not really threatening to take on f3} 31... Qxf3+ 32. Bg2 Qh5 33. a6 $16
Ng4 34. Rf1) 32. Bxg7 Kxg7 33. a6 Re7 $2 $138 {Unfortunately being short of
time, I missed a golden opportunity to get real chances for survival.} ({
I should go for} 33... Nxb4 34. Qb2+ (34. Qc3+ Qf6 35. Qxf6+ Kxf6 36. a7 Ra8
37. Rd7 Ke6 38. Rb7 Nd5 {is a much better version of the endgame for Black
than after 34 Qb2}) 34... Qf6 $1 {I completely forgot about this move!} 35. Rb1
$1 Nd5 36. a7 Qxb2 37. Rxb2 Ra8 38. Rb7 Kf6 {it's difficult to make a clear
assessment of this position, but definitely Black has clear chances to hold.}
39. Bc4 Ke6 40. Kg2 f5 41. f4 Kd6 42. Bxd5 ({Another line is} 42. Kf3 Nc7 $1 {
the key defensive idea} 43. Ke3 Kd7 {[%cal Gd7c8]} 44. Bf7 Kc8 45. Rb8+ Rxb8
46. axb8=Q+ Kxb8 47. Bxg6 Nd5+ 48. Kd4 Nxf4 49. Bxf5 Kc7 $11) 42... Kxd5 43.
Rg7 (43. Kf3 c5 44. h4 (44. Ke3 Kc6 45. Rg7 Kb6 46. Rxg6+ Kb5 47. Rg7 Kb6 48.
Rh7 Rxa7 49. Rxh6+ Kb5 $11) 44... Kc4 {and the endgame looks drawish} (44...
Kc6 45. Rg7 Kb6 46. Rxg6+ Kb5 47. Rg7 $14)) 43... c5 44. Kf3 g5 {once again
with good chances for a draw.}) (33... Qf6 $6 34. Qb3 Nxb4 35. a7 Nd5 36. Rb1
$16) 34. Qb2+ $1 {The decisive manoeuvre, White's Q tranfers to the fantastic
d4-square.} Kh7 35. Qd4 Qxf3+ 36. Bg2 Qb3 37. Ra1 $18 Nc7 38. Qc5 ({Also
winning is} 38. a7 Nb5 39. Qc5 Rxa7 40. Rxa7 Nxa7 41. Qxa7 Qd1+ 42. Kh2 Qd6+
43. Kg1 Qd1+ 44. Bf1 $18) 38... Qb2 39. Rf1 Re6 (39... Re2 40. a7 Qa2 41. Rd1
$18) 40. a7 Qa3 41. Qa5 Qxa5 42. bxa5 Re5 (42... Na8 43. Rb1 Re7 44. a6 Rxa7
45. Bf1 $18 {[%cal Gb1b7]}) 43. Ra1 Rc5 44. a6 Kg7 45. Rb1 Ra5 46. Bf1 1-0

[Event "Moscow"]
[Site "Moscow"]
[Date "1981.04.??"]
[Round "3"]
[White "Torre, Eugenio"]
[Black "Smejkal, Jan"]
[Result "1-0"]
[WhiteElo "2550"]
[BlackElo "2535"]
[Annotator "Belov,I"]
[PlyCount "81"]
[EventDate "1981.04.08"]
[EventType "tourn"]
[EventRounds "13"]
[EventCountry "URS"]
[EventCategory "15"]
[SourceTitle "MCL"]
[Source "ChessBase"]
[SourceDate "1999.07.01"]
[SourceVersion "1"]
[SourceVersionDate "1999.07.01"]
[SourceQuality "1"]

1. e4 e5 2. Nf3 Nc6 3. Bb5 a6 4. Ba4 Nf6 5. O-O Be7 6. Re1 b5 7. Bb3 d6 8. c3
O-O 9. h3 Bb7 10. d4 Re8 11. Nbd2 Bf8 12. Bc2 Nb8 13. a4 Nbd7 14. Bd3 (14. b3
g6 15. Bb2 exd4 16. cxd4 d5 17. e5 Nh5 18. Nf1 Ng7 19. Qd2 Ne6 20. Ne3 $14 {
Akopian,V-Psakhis,L/Novosibirsk/1993/1:0 (40) Inf 58/376/}) 14... c6 (14... Bc6
15. b3 Rb8 16. Qc2 g6 17. axb5 axb5 18. Ra5 $16 {/\ d5/}) (14... b4 15. Qc2 d5
$5 16. dxe5 Nxe5 17. Nxe5 Rxe5 18. Nf3 Rxe4 19. Bxe4 dxe4 $44 {Mainka,
R-Nikitin,A/Dortmund/1993/1:0 (66) Inf 57/357/}) 15. Nf1 d5 16. dxe5 $6 (16.
Bg5 $142 dxe4 17. Rxe4 Be7 18. Re2 exd4 19. Nxd4 Bf8 20. Rd2 Qc7 21. Bf5 c5 22.
Nf3 Ne5 $1 23. Nxe5 Rxe5 $1 $14 {Anand,V-Beliavsky,A/Linares/1992/1:0 (38) Inf
54/344/}) 16... Nxe5 17. Nxe5 dxe4 $1 18. Bxe4 Qxd1 19. Rxd1 Nxe4 $15 20. Nf3
Nc5 21. axb5 Nb3 $6 (21... axb5 $10) (21... cxb5 $15) 22. bxc6 $1 Nxa1 $6 (
22... Bxc6 $142 23. Ra2 $8 a5 $16) 23. cxb7 Rab8 (23... Rad8 24. Rxd8 Rxd8 25.
Bf4 $18) 24. Bf4 Nb3 (24... Rxb7 25. Rxa1 Rxb2 26. Rxa6 $18) 25. Bxb8 Rxb8 26.
Ne5 $16 (26. Rd7 Nc5) 26... Rxb7 27. Ne3 f6 28. N5c4 a5 29. Rd8 a4 30. Kf1 Nc5
31. Ke2 Kf7 32. Ra8 g6 33. Kd1 (33. Nd5 $18 {/\ Ndb6/}) 33... Nd3 (33... h5 34.
Kc2 {/\ Nd5}) 34. Kc2 Nc5 (34... Nxf2 35. Rxa4 $18) 35. Nd5 $18 Rd7 36. Nxf6 $1
Re7 37. Ne3 (37. Nd5 Re2+) 37... Bh6 38. Nfd5 Rd7 39. Ra5 Ne4 (39... Bf8 40.
Nb6) 40. Rxa4 Nxf2 41. Rh4 1-0